logo

Bir Sreshtho Munshi Abdur Rouf Library
Jhenaidah Cadet College

মাইক্রোসফট অফিস এক্সপি ২০০৭ / (Record no. 752)

MARC details
000 -LEADER
fixed length control field 01165nam a2200229 a 4500
001 - CONTROL NUMBER
JCCL Control Number 752
003 - CONTROL NUMBER IDENTIFIER
JCCL marc code BD-JhCC
005 - DATE AND TIME OF LATEST TRANSACTION
control field 20220404134022.0
008 - FIXED-LENGTH DATA ELEMENTS--GENERAL INFORMATION
fixed length control field 171009s20071999bg a|||| ||a| 00| 0 ben d
035 ## - SYSTEM CONTROL NUMBER
system control number (BD-JhCC)752
040 ## - CATALOGING SOURCE
Original cataloging agency BD-JhCC
Modifying agency BD-JhCC
041 ## - LANGUAGE CODE
Language code of Book ben
082 ## - DEWEY DECIMAL CLASSIFICATION NUMBER
DDC Edition number 22
Classification number 004.446
Author mark and Year RAH 2007
100 ## - MAIN ENTRY--PERSONAL NAME
Personal name রহমান, মাহবুবুর
245 ## - TITLE STATEMENT
Title মাইক্রোসফট অফিস এক্সপি ২০০৭ /
Statement of responsibility, etc মাহবুবুর রহমান
260 ## - PUBLICATION, DISTRIBUTION, ETC. (IMPRINT)
Place of publication, distribution, etc ঢাকা :
Name of publisher, distributor, etc সিসটেক পাবলিকেশন্স,
Date of publication, distribution, etc ২০০৭.
300 ## - PHYSICAL DESCRIPTION
Pagination ভলিউম ৫, ৮০ পৃ. :
Other physical details illus. ;
Dimensions ২০ সেমি.
505 ## - FORMATTED CONTENTS NOTE
Formatted contents note Volum -1 : Basic Knowledge, Windows Xp, MS- Word Xp, MS - Word - 7,<br/>Volum - 2 : MS Exes Xp, MS Excel -2007, <br/>Volum - 3 : MSPublisher XP-2007, MS Power Point XP - 2007,<br/>Volum - 4 : MS Exce XP, MS Exces -2007.<br/>Volum - 5 : MS Front page XP, MS Office Infopath, MS Outluck, MS Office Onenote, Networking Knowledge, Internet, E - mail, Computer management, Computer Virus, Anti Virus,
650 ## - SUBJECT ADDED ENTRY--TOPICAL TERM
Topical term or geographic name as entry element Operating system
650 ## - SUBJECT ADDED ENTRY--TOPICAL TERM
Topical term or geographic name as entry element Microsoft windows
942 ## - ADDED ENTRY ELEMENTS (KOHA)
Source of classification or shelving scheme Dewey Decimal Classification
Koha item type Books
Koha issues (borrowed), all copies 4
Holdings
Source of classification or shelving scheme Damaged status Not for loan Home library Current library Shelving location Date of accession Source of acquisition Cost, normal purchase price Total Checkouts Full call number Barcode Date last seen Copy number Koha item type volume number Checked out Date checked out
Dewey Decimal Classification     JCC Rouf Library JCC Rouf Library General Stacks 10/09/2017 Zahedee Foundation 725.00   004.446 RAH 2007 326 10/09/2017 C-1 Books      
Dewey Decimal Classification     JCC Rouf Library JCC Rouf Library General Stacks 10/09/2017 Zahedee Foundation 725.00   004.446 RAH 2007 315 02/12/2022 C - 2 Books V - 1    
Dewey Decimal Classification     JCC Rouf Library JCC Rouf Library General Stacks 10/09/2017 Zahedee Foundation 725.00 2 004.446 RAH 2007 316 04/03/2022 C - 3 Books V - 1 05/09/2022 04/03/2022
Dewey Decimal Classification     JCC Rouf Library JCC Rouf Library General Stacks 10/09/2017 Zahedee Foundation 725.00   004.446 RAH 2007 318 01/15/2018 C - 4 Books V - 2    
Dewey Decimal Classification     JCC Rouf Library JCC Rouf Library General Stacks 10/09/2017 Zahedee Foundation 725.00 1 004.446 RAH 2007 317 05/06/2019 C - 5 Books V - 2   11/04/2018
Dewey Decimal Classification     JCC Rouf Library JCC Rouf Library General Stacks 10/09/2017 Zahedee Foundation 725.00   004.446 RAH 2007 319 01/15/2018 C - 6 Books V - 2    
Dewey Decimal Classification     JCC Rouf Library JCC Rouf Library General Stacks 10/09/2017 Zahedee Foundation 725.00   004.446 RAH 2007 322 01/15/2018 C - 7 Books V - 3    
Dewey Decimal Classification     JCC Rouf Library JCC Rouf Library General Stacks 10/09/2017 Zahedee Foundation 725.00   004.446 RAH 2007 321 01/15/2018 C - 8 Books V - 3    
Dewey Decimal Classification     JCC Rouf Library JCC Rouf Library General Stacks 10/09/2017 Zahedee Foundation 725.00   004.446 RAH 2007 320 01/15/2018 C - 9 Books V - 3    
Dewey Decimal Classification     JCC Rouf Library JCC Rouf Library General Stacks 10/09/2017 Zahedee Foundation 725.00   004.446 RAH 2007 324 01/15/2018 C - 10 Books V - 4    
Dewey Decimal Classification     JCC Rouf Library JCC Rouf Library General Stacks 10/09/2017 Zahedee Foundation 725.00   004.446 RAH 2007 327 01/15/2018 C - 11 Books V - 5    
Dewey Decimal Classification     JCC Rouf Library JCC Rouf Library General Stacks 10/09/2017 Zahedee Foundation 725.00   004.446 RAH 2007 325 04/19/2021 C - 12 Books      
Dewey Decimal Classification     JCC Rouf Library JCC Rouf Library General Stacks 04/20/2021 Lt. Gen. Mahfuzur Rahman (10th intake)     004.446 RAH 2007 323 04/20/2021 C-4 Books V-4    

JCC Library | Contacts | JCC Home

Last Update on 23 September 2017
Copyright @ 2017-2020 JCC Rouf Library
Rouf Library, Jhenidah Cadet College (JCC), Bangladesh